| 000 | 01074cam a2200313Ii 4500 | ||
|---|---|---|---|
| 001 | 43915 | ||
| 005 | 20230410142343.0 | ||
| 008 | 800703m19621963sp b 001 0 spa d | ||
| 035 | _a(OCoLC)ocm06481978 | ||
| 040 |
_aNMH _cNMH _dOCL _dDIBAM |
||
| 035 | _a(OCoLC)6481978 | ||
| 049 | _aGRAL | ||
| 050 | 1 | 4 |
_aBX 1753 _bW464c 1962 |
| 082 | 0 | 0 | _a261.8 |
| 100 | 1 |
_aWelty, Eberhard, _d1902- |
|
| 245 | 1 | 0 |
_aCatecismo social / _cEberhard Welty. |
| 250 | _a2a ed. | ||
| 260 |
_aBarcelona : _bHerder, _c1962-1963. |
||
| 300 |
_av.<1> ; _c22 cm. |
||
| 500 | _aTranslation of : Herders Sozialkatechismus. | ||
| 504 | _aIncludes bibliographies and indexes. | ||
| 505 | 0 | _at. 1. Cuestiones y elementos fundamentales de la vida social.--t. 2. La constitución del orden social.--t. 3. La ordenación de la vida económica, el trabajo y la propiedad. | |
| 650 | 0 |
_aChristian sociology _xCatholic Church. |
|
| 650 | 7 |
_aIGLESIA CATOLICA Y PROBLEMAS SOCIALES. _2renib |
|
| 650 | 7 |
_aSOCIOLOGIA CRISTIANA. _2renib |
|
| 942 |
_2lcc _cbk |
||
| 946 | _ajoacosta | ||
| 994 |
_aC0 _bDRFGD |
||
| 999 |
_c94145 _d94145 |
||